=LDR 00000nam 2200000 4500 =001 INLIS000000000035096 =005 20130612140958 =008 ***********************************Ind** =035 ##$$0010-061300000035096 =041 ##$$a Ind =082 ##$$a 2X4.3 =090 ##$$a 2X4.3, Mau k =100 ##$$a Maududi, Abul A'la =245 ##$$a Kawin dan cerai menurut Islam, Abul a'la Maududi =260 ##$$a 1990 $b Jakarta =300 ##$$a 145 hlm, 17 cm =650 ##$$a Islam - Perkawinan =850 ##$$a NBPNMAT